000 00255nam a2200097Ia 4500
008 240331s9999 xx 000 0 und d
082 _bTHI
100 _aThiruchandran, S
245 0 _aThamil varalaattu padimangal silavattil oru penn nilai noakku
942 _cL
999 _c1714
_d1714